000 00246nam a2200109Ia 4500
008 220204s9999 xx 000 0 und d
082 _a641.85
_bWAD
100 _aMargaret
245 0 _aCakes and biscuits
260 _aLondon
_bHamlyn
942 _cBK
999 _c32805
_d32805